[Event "GER Cup Net Final-C U1600"]
[Site "Playchess.com INT"]
[Date "2020.06.06"]
[Round "1"]
[White "Hoke, Joshua Sky"]
[Black "Staubus, Noah"]
[Result "1-0"]
[WhiteElo "1660"]
[BlackElo "1457"]
[PlyCount "67"]
[EventDate "2020.06.06"]
[EventType "swiss (blitz)"]
[EventRounds "13"]
[EventCountry "GER"]
[SourceTitle "CBM 197 Extra"]
[Source "ChessBase"]
[SourceDate "2020.09.30"]
[SourceVersion "1"]
[SourceVersionDate "2020.09.30"]
[SourceQuality "1"]

1. e4 e5 2. Nf3 Nc6 3. Bb5 a6 4. Ba4 b5 5. Bb3 d6 6. c3 Nf6 7. 0-0 Nxe4 8. d4 exd4 9. Re1 f5 10. cxd4 Be7 11. Nc3 Nxc3 12. bxc3 a5 13. a4 bxa4 14. Bxa4 Bd7 15. Bb3 a4 16. Rxa4 Rxa4 17. Bxa4 0-0 18. d5 Na7 19. Nd4 Bf6 20. Bxd7 Qxd7 21. Ne6 Re8 22. Be3 Nb5 23. c4 Nc3 24. Qc2 c6 25. Bd2 Ne4 26. Nf4 Nxd2 27. Qxd2 Rxe1+ 28. Qxe1 c5 29. g3 g5 30. Ne6 h6 31. Qa5 h5 32. Qa8+ Kh7 33. Qc6 Qxc6 34. dxc6 1-0

[Event "GER Cup Net Final-C U1600"]
[Site "Playchess.com INT"]
[Date "2020.06.06"]
[Round "10"]
[White "Staubus, Noah"]
[Black "Birk, Wilfried Christoph"]
[Result "1-0"]
[WhiteElo "1457"]
[BlackElo "1405"]
[PlyCount "99"]
[EventDate "2020.06.06"]
[EventType "swiss (blitz)"]
[EventRounds "13"]
[EventCountry "GER"]
[SourceTitle "CBM 197 Extra"]
[Source "ChessBase"]
[SourceDate "2020.09.30"]
[SourceVersion "1"]
[SourceVersionDate "2020.09.30"]
[SourceQuality "1"]

1. d4 d5 2. Bf4 e6 3. Nc3 Nf6 4. e3 a6 5. Bg5 Be7 6. Bd3 Nbd7 7. Nf3 0-0 8. 0-0 Re8 9. Bxf6 Nxf6 10. e4 dxe4 11. Bxe4 c6 12. Bd3 b5 13. Be4 Bb7 14. Bd3 Rb8 15. a4 Bb4 16. Ne2 Be7 17. axb5 cxb5 18. Ne5 Qd5 19. Nf3 Qd6 20. c4 Bxf3 21. gxf3 Qb4 22. cxb5 axb5 23. Nc3 Qxb2 24. Qc2 Qxc2 25. Bxc2 b4 26. Nd1 Rec8 27. Bb3 Nh5 28. Ne3 Nf4 29. Nc4 Nh3+ 30. Kg2 Ng5 31. h4 Nxf3 32. Kxf3 Bxh4 33. Rh1 Bf6 34. Bc2 h6 35. Nd6 Rxc2 36. Rac1 Rd2 37. Rc8+ Rxc8 38. Nxc8 Rxd4 39. Ke3 b3 40. Rb1 Rc4 41. Kd3 b2 42. Nd6 Rb4 43. Ne4 Rb3+ 44. Kc4 Rb8 45. Nxf6+ gxf6 46. Kc3 Rb7 47. Rxb2 h5 48. Rxb7 h4 49. Rb1 h3 50. Rh1 1-0

[Event "GER Cup Net Final-C U1600"]
[Site "Playchess.com INT"]
[Date "2020.06.06"]
[Round "13"]
[White "Staubus, Noah"]
[Black "Kauschanski, Nicolas"]
[Result "0-1"]
[WhiteElo "1457"]
[BlackElo "1469"]
[PlyCount "54"]
[EventDate "2020.06.06"]
[EventType "swiss (blitz)"]
[EventRounds "13"]
[EventCountry "GER"]
[SourceTitle "CBM 197 Extra"]
[Source "ChessBase"]
[SourceDate "2020.09.30"]
[SourceVersion "1"]
[SourceVersionDate "2020.09.30"]
[SourceQuality "1"]

1. d4 Nf6 2. Bf4 g6 3. e3 Bg7 4. Nf3 d5 5. Qd2 0-0 6. Nc3 b6 7. Nb5 c5 8. Nc7 Ne4 9. Qd1 e5 10. Nxa8 exf4 11. exf4 Bb7 12. Nxb6 axb6 13. dxc5 bxc5 14. Bd3 Qe7 15. 0-0 c4 16. Bxe4 dxe4 17. Re1 Qb4 18. c3 Qa5 19. Nd4 Nc6 20. b4 Qa7 21. Nxc6 Bxc6 22. Qc2 Qa3 23. Re3 Qa7 24. Rd1 Ba4 25. Qd2 Bxd1 26. Qxd1 Qxa2 27. Qd5 Qb1+ 0-1

[Event "GER Cup Net Final-C U1600"]
[Site "Playchess.com INT"]
[Date "2020.06.06"]
[Round "8"]
[White "Staubus, Noah"]
[Black "Schriefer, Leo Hans"]
[Result "0-1"]
[WhiteElo "1457"]
[BlackElo "1455"]
[PlyCount "42"]
[EventDate "2020.06.06"]
[EventType "swiss (blitz)"]
[EventRounds "13"]
[EventCountry "GER"]
[SourceTitle "CBM 197 Extra"]
[Source "ChessBase"]
[SourceDate "2020.09.30"]
[SourceVersion "1"]
[SourceVersionDate "2020.09.30"]
[SourceQuality "1"]

1. e4 c5 2. d4 cxd4 3. c3 dxc3 4. Bc4 cxb2 5. Bxb2 Nf6 6. e5 Ng8 7. e6 fxe6 8. Nf3 Nf6 9. Bxf6 exf6 10. Nd4 Bb4+ 11. Kf1 0-0 12. a3 Bc5 13. Nb3 Bb6 14. a4 Qc7 15. a5 Qxc4+ 16. Kg1 Bc5 17. N1d2 Qd5 18. Nxc5 Qxc5 19. Rc1 Qxa5 20. Nc4 Qd8 21. Nd6 Nc6 0-1

[Event "GER Pfingstopen U12"]
[Site "Playchess.com INT"]
[Date "2020.06.02"]
[Round "5"]
[White "Roemer, Uri"]
[Black "Staubus, Noah"]
[Result "1-0"]
[WhiteElo "1620"]
[BlackElo "1442"]
[PlyCount "49"]
[EventDate "2020.06.02"]
[EventType "swiss (blitz)"]
[EventRounds "11"]
[EventCountry "GER"]
[SourceTitle "CBM 197 Extra"]
[Source "ChessBase"]
[SourceDate "2020.09.30"]
[SourceVersion "1"]
[SourceVersionDate "2020.09.30"]
[SourceQuality "1"]

1. e4 e5 2. Nf3 Nc6 3. Bc4 d6 4. d3 Be6 5. Bb3 Nf6 6. Bg5 h6 7. Bh4 Be7 8. Nc3 Nd7 9. Bxe7 Qxe7 10. Nd5 Bxd5 11. Bxd5 Nb4 12. Bc4 Nb6 13. Qd2 Nxc4 14. dxc4 Nc6 15. b3 0-0 16. 0-0-0 a5 17. Rhg1 a4 18. g4 axb3 19. cxb3 Ra6 20. g5 hxg5 21. Rxg5 f6 22. Rg6 Qf7 23. Rdg1 Kh8 24. R1g3 Rg8 25. Rh3# 1-0

[Event "GER Cup Net V4 U1600"]
[Site "Playchess.com INT"]
[Date "2020.05.31"]
[Round "2"]
[White "Staubus, Noah"]
[Black "Haidekker, Kilian"]
[Result "0-1"]
[WhiteElo "1495"]
[BlackElo "1431"]
[PlyCount "22"]
[EventDate "2020.05.31"]
[EventType "swiss (blitz)"]
[EventRounds "9"]
[EventCountry "GER"]
[SourceTitle "EXT 2021"]
[Source "ChessBase"]
[SourceDate "2020.10.23"]
[SourceVersion "1"]
[SourceVersionDate "2020.10.23"]
[SourceQuality "1"]

1. d4 d5 2. Bf4 Nc6 3. Nc3 Bf5 4. Nb5 e5 5. dxe5 a6 6. Na3 Bxa3 7. bxa3 Nge7 8. g3 0-0 9. Bg2 Qd7 10. Nf3 Ng6 11. Qxd5 Qxd5 0-1

[Event "GER Cup Net V3 U1600"]
[Site "Playchess.com INT"]
[Date "2020.05.27"]
[Round "2"]
[White "Smith, Tobias"]
[Black "Staubus, Noah"]
[Result "1-0"]
[WhiteElo "1486"]
[BlackElo "1620"]
[PlyCount "53"]
[EventDate "2020.05.27"]
[EventType "swiss (blitz)"]
[EventRounds "9"]
[EventCountry "GER"]
[SourceTitle "EXT 2021"]
[Source "ChessBase"]
[SourceDate "2020.10.23"]
[SourceVersion "1"]
[SourceVersionDate "2020.10.23"]
[SourceQuality "1"]

1. e4 e6 2. d4 d5 3. exd5 exd5 4. Bd3 Nc6 5. c3 Nf6 6. Bf4 Bg4 7. Nf3 Bd6 8. Bg3 0-0 9. Nbd2 Re8+ 10. Be2 Ne4 11. 0-0 Nxg3 12. hxg3 Qe7 13. Bd3 Qe6 14. Re1 Qh6 15. Qc2 Bxf3 16. Nxf3 g6 17. Re2 Rxe2 18. Qxe2 Kf8 19. Re1 f5 20. Ne5 Bxe5 21. dxe5 Re8 22. e6 Nd8 23. e7+ Kg7 24. exd8Q Rxd8 25. Qe7+ Kg8 26. Qxd8+ Kg7 27. Re7+ 1-0

[Event "GER-chT U10"]
[Site "Magdeburg"]
[Date "2016.12.28"]
[Round "4.3"]
[White "Liang, Jiaxuan"]
[Black "Staubus, Noah"]
[Result "1-0"]
[WhiteElo "984"]
[BlackElo "1007"]
[PlyCount "45"]
[EventDate "2016.12.27"]
[EventType "team-swiss"]
[EventRounds "7"]
[EventCountry "GER"]
[SourceTitle "EXT 2018"]
[Source "ChessBase"]
[SourceDate "2017.10.13"]
[SourceVersion "1"]
[SourceVersionDate "2017.10.13"]
[SourceQuality "1"]
[WhiteTeam "Hohentuebingen"]
[BlackTeam "Segeberg SF"]
[WhiteTeamCountry "GER"]
[BlackTeamCountry "GER"]

1. e4 e5 2. Nf3 Nc6 3. Bb5 Bc5 4. d3 d6 5. 0-0 a6 6. Ba4 Nf6 7. Bg5 h6 8. Bh4 0-0 9. Nc3 Be6 10. Ne2 Bg4 11. Ng3 d5 12. h3 Bxf3 13. Qxf3 Be7 14. Rad1 dxe4 15. dxe4 Nd4 16. Qe3 Bc5 17. c3 Nc2 18. Qxc5 Qc8 19. Bxf6 gxf6 20. Bxc2 b6 21. Qe3 Kh7 22. Nh5 Rg8 23. Nxf6+ 1-0

[Event "GER-chT U10"]
[Site "Magdeburg"]
[Date "2016.12.27"]
[Round "1.3"]
[White "Lieske, Aaron"]
[Black "Staubus, Noah"]
[Result "1-0"]
[WhiteElo "1001"]
[BlackElo "1007"]
[PlyCount "75"]
[EventDate "2016.12.27"]
[EventType "team-swiss"]
[EventRounds "7"]
[EventCountry "GER"]
[SourceTitle "EXT 2018"]
[Source "ChessBase"]
[SourceDate "2017.10.13"]
[SourceVersion "1"]
[SourceVersionDate "2017.10.13"]
[SourceQuality "1"]
[WhiteTeam "Kreuzberg"]
[BlackTeam "Segeberg SF"]
[WhiteTeamCountry "GER"]
[BlackTeamCountry "GER"]

1. e4 e5 2. Nf3 Nc6 3. Bc4 Bc5 4. Nc3 Nf6 5. 0-0 0-0 6. d3 d6 7. h3 Bd7 8. Bg5 h6 9. Be3 Bxe3 10. fxe3 Be6 11. Bb3 Bxb3 12. axb3 a6 13. d4 exd4 14. exd4 Re8 15. Re1 d5 16. e5 Nh5 17. Qd2 b5 18. Kh2 Ne7 19. g4 Nf5 20. gxf5 c6 21. Qg2 Nf4 22. Qg4 g5 23. fxg6 fxg6 24. Qxf4 Rf8 25. Qg4 g5 26. Rf1 Rf4 27. Qe6+ Rf7 28. Ng1 Raa7 29. Rxf7 Rxf7 30. Rf1 Qf8 31. Rxf7 Qxf7 32. Qxf7+ Kxf7 33. Kg3 b4 34. Na4 h5 35. Nf3 h4+ 36. Kg4 Kg6 37. Nxg5 Kg7 38. Kxh4 1-0